[Event "Klatovy op-A"]
[Site "Klatovy"]
[Date "2007.07.08"]
[Round "9"]
[White "Rakous, Pavel"]
[Black "Danek, Vaclav"]
[Result "0-1"]
[WhiteElo "2013"]
[BlackElo "1993"]
[PlyCount "66"]
[EventDate "2007.06.30"]
[EventType "swiss"]
[EventRounds "9"]
[EventCountry "CZE"]
[SourceTitle "CBM 119 Extra"]
[Source "ChessBase"]
[SourceDate "2007.09.04"]
[SourceVersion "1"]
[SourceVersionDate "2007.09.04"]
[SourceQuality "1"]

1. Nf3 g6 2. c4 Bg7 3. g3 c5 4. Bg2 Nc6 5. 0-0 e5 6. d3 Nge7 7. Nc3 0-0 8. b3 e4 9. dxe4 Bxc3 10. Bh6 Bg7 11. Bxg7 Kxg7 12. e5 Ng8 13. Qd5 Qe7 14. a3 Re8 15. b4 cxb4 16. axb4 Nxb4 17. Qd2 Nc6 18. Rfe1 Nxe5 19. Nxe5 Qxe5 20. Ra5 Qf6 21. f4 Ne7 22. e4 Nc6 23. Rd5 Qe7 24. c5 b6 25. e5 bxc5 26. Rd6 Rb8 27. f5 gxf5 28. Bh3 Kh8 29. Bxf5 Nxe5 30. Kg2 f6 31. Qh6 Qg7 32. Qh4 Rf8 33. g4 Rb2+ 0-1

[Event "Prague ProMoPro op"]
[Site "Prague"]
[Date "2006.09.10"]
[Round "2"]
[White "Rakous, Pavel"]
[Black "Bernasek, Vaclav"]
[Result "1/2-1/2"]
[WhiteElo "2011"]
[BlackElo "2128"]
[PlyCount "39"]
[EventDate "2006.09.09"]
[EventType "swiss"]
[EventRounds "9"]
[EventCountry "CZE"]
[SourceTitle "CBM 114 Extra"]
[Source "ChessBase"]
[SourceDate "2006.11.03"]
[SourceVersion "1"]
[SourceVersionDate "2006.11.03"]
[SourceQuality "1"]

1. Nf3 Nf6 2. c4 g6 3. b4 Bg7 4. Bb2 0-0 5. g3 d6 6. Bg2 e5 7. d3 Nh5 8. e4 c6 9. 0-0 Bg4 10. Qb3 Qd7 11. Nbd2 Na6 12. d4 f6 13. Rfd1 Qe7 14. b5 Nc7 15. c5+ d5 16. exd5 Nxd5 17. Re1 Be6 18. Qa4 cxb5 19. Qxb5 Nc7 20. Qe2 1/2-1/2

[Event "Prague op-A"]
[Site "Prague"]
[Date "2006.07.04"]
[Round "4"]
[White "Rakous, Pavel"]
[Black "Klecker, Tadeas"]
[Result "1-0"]
[WhiteElo "2025"]
[BlackElo "1891"]
[PlyCount "49"]
[EventDate "2006.07.01"]
[EventType "swiss"]
[EventRounds "9"]
[EventCountry "CZE"]
[SourceTitle "EXT 2007"]
[Source "ChessBase"]
[SourceDate "2006.11.23"]
[SourceVersion "1"]
[SourceVersionDate "2006.11.23"]
[SourceQuality "1"]

1. Nf3 Nf6 2. c4 c5 3. g3 g6 4. Bg2 Bg7 5. 0-0 0-0 6. e3 Nc6 7. d4 d6 8. b3 Qc7 9. Bb2 b6 10. Nc3 a6 11. Nd5 Nxd5 12. cxd5 Nb4 13. e4 f5 14. e5 Nxd5 15. dxc5 Qxc5 16. Bd4 Qa5 17. exd6 Nc3 18. Bxc3 Bxc3 19. dxe7 Re8 20. b4 Bxb4 21. Ng5 Ra7 22. Bd5+ Kg7 23. Qd4+ Kh6 24. Nf7+ Kh5 25. Bf3# 1-0

[Event "CZE-chT3A Middle 0506  "]
[Site "Czech Republic"]
[Date "2006.02.18"]
[Round "8.5"]
[White "Rakous, Pavel"]
[Black "Pankovic, Jan"]
[Result "1-0"]
[WhiteElo "1974"]
[BlackElo "1968"]
[PlyCount "65"]
[EventDate "2005.10.30"]
[EventType "team"]
[EventRounds "11"]
[EventCountry "CZE"]
[SourceTitle "EXT 2009"]
[Source "ChessBase"]
[SourceDate "2008.11.26"]
[SourceVersion "1"]
[SourceVersionDate "2008.11.26"]
[SourceQuality "1"]

1. Nf3 Nf6 2. c4 c5 3. g3 b6 4. Bg2 Bb7 5. b3 g6 6. Bb2 Bg7 7. 0-0 0-0 8. e3 d6 9. d4 e6 10. Nbd2 Nbd7 11. Re1 Qc7 12. e4 cxd4 13. Nxd4 a6 14. b4 Rfd8 15. Qb3 h5 16. Rad1 Rac8 17. Bh3 Ne5 18. Bxe6 fxe6 19. Nxe6 Qf7 20. Nxd8 Rxd8 21. f4 Ned7 22. h3 Nf8 23. Re3 Qd7 24. c5+ Kh8 25. Bxf6 Bxf6 26. Nf3 Qxh3 27. Ng5 Bxg5 28. fxg5 Qg4 29. Qc3+ Kh7 30. Rf1 Qe6 31. Ref3 Rd7 32. Rxf8 Rg7 33. c6 1-0

[Event "Prague ProMoPro op"]
[Site "Prague"]
[Date "2005.09.16"]
[Round "2"]
[White "Rakous, Pavel"]
[Black "Ruzyak, Pavel"]
[Result "0-1"]
[WhiteElo "2040"]
[BlackElo "1913"]
[PlyCount "70"]
[EventDate "2005.09.15"]
[EventType "swiss"]
[EventRounds "9"]
[EventCountry "CZE"]
[SourceTitle "CBM 108 Extra"]
[Source "ChessBase"]
[SourceDate "2005.11.04"]
[SourceVersion "1"]
[SourceVersionDate "2005.11.04"]
[SourceQuality "1"]

1. Nf3 Nf6 2. c4 e6 3. g3 b6 4. Bg2 Bb7 5. 0-0 Be7 6. b4 Bxb4 7. Bb2 0-0 8. Qc2 Re8 9. d4 d5 10. c5 bxc5 11. dxc5 Nc6 12. a3 Ba5 13. Qa4 Ne4 14. Rc1 Qe7 15. Qc2 f6 16. Nbd2 Nxd2 17. Nxd2 Bxd2 18. Qxd2 Rab8 19. Rab1 Red8 20. a4 Ba6 21. Ba3 Bc4 22. Qc3 Bxe2 23. Qe3 Bg4 24. Rxb8 Rxb8 25. Re1 Kf7 26. h3 Bf5 27. f4 Qd7 28. g4 Bg6 29. f5 exf5 30. Rd1 f4 31. Qxf4 Rb1 32. Bc1 Nb4 33. h4 Nd3 34. Bxd5+ Qxd5 35. Qxc7+ Kf8 0-1

[Event "Prague Visus op"]
[Site "Prague"]
[Date "2005.07.08"]
[Round "7"]
[White "Rakous, Pavel"]
[Black "Seleljo, Daniel"]
[Result "0-1"]
[WhiteElo "2040"]
[BlackElo "2271"]
[PlyCount "52"]
[EventDate "2005.07.02"]
[EventType "swiss"]
[EventRounds "9"]
[EventCountry "CZE"]
[SourceTitle "CBM 107 Extra"]
[Source "ChessBase"]
[SourceDate "2005.09.01"]
[SourceVersion "1"]
[SourceVersionDate "2005.09.01"]
[SourceQuality "1"]

1. Nf3 Nf6 2. c4 d6 3. Nc3 Bg4 4. Qb3 Qc8 5. d4 c6 6. Bg5 Nbd7 7. Nd2 h6 8. Bxf6 Nxf6 9. e4 e5 10. d5 Be7 11. g3 0-0 12. h3 Bd7 13. f4 exf4 14. gxf4 Nh5 15. Ne2 b5 16. Qf3 g6 17. Rg1 Kh7 18. Rc1 bxc4 19. dxc6 Qxc6 20. Rxc4 Qb6 21. f5 Qxb2 22. Qg4 Bg5 23. Rd4 Nf6 24. Qf3 Bxd2+ 25. Rxd2 Qe5 26. Rd4 g5 0-1

[Event "Prague Visus op"]
[Site "Prague"]
[Date "2005.07.07"]
[Round "6"]
[White "Stojkovic, Andreja"]
[Black "Rakous, Pavel"]
[Result "1/2-1/2"]
[WhiteElo "1999"]
[BlackElo "2040"]
[PlyCount "73"]
[EventDate "2005.07.02"]
[EventType "swiss"]
[EventRounds "9"]
[EventCountry "CZE"]
[SourceTitle "CBM 107 Extra"]
[Source "ChessBase"]
[SourceDate "2005.09.01"]
[SourceVersion "1"]
[SourceVersionDate "2005.09.01"]
[SourceQuality "1"]

1. e4 d6 2. d4 Nf6 3. Nc3 g6 4. g3 Bg7 5. Bg2 0-0 6. h3 Nbd7 7. Nge2 Rb8 8. a4 e5 9. 0-0 Re8 10. Be3 a5 11. Qd2 Nb6 12. b3 exd4 13. Bxd4 c5 14. Be3 Be6 15. Rad1 Bf8 16. Nf4 Bd7 17. Qe2 Qc8 18. Kh2 Re5 19. f3 Bc6 20. Nd3 Re8 21. Bg5 Bg7 22. Nb5 Bxb5 23. axb5 Nfd7 24. Qd2 a4 25. bxa4 Nxa4 26. c4 Ndb6 27. Rc1 Qe6 28. Qc2 h6 29. Bf4 g5 30. Bd2 Bd4 31. f4 f6 32. Rfe1 Kg7 33. Rf1 Rh8 34. Ne1 Nb2 35. Nf3 N6xc4 36. fxg5 hxg5 37. Nxd4 1/2-1/2

[Event "Prague Visus op"]
[Site "Prague"]
[Date "2005.07.02"]
[Round "1"]
[White "Rakous, Pavel"]
[Black "Jedlicka, Ales"]
[Result "0-1"]
[WhiteElo "2040"]
[BlackElo "2288"]
[PlyCount "70"]
[EventDate "2005.07.02"]
[EventType "swiss"]
[EventRounds "9"]
[EventCountry "CZE"]
[SourceTitle "CBM 107 Extra"]
[Source "ChessBase"]
[SourceDate "2005.09.01"]
[SourceVersion "1"]
[SourceVersionDate "2005.09.01"]
[SourceQuality "1"]

1. d4 Nf6 2. g4 d5 3. g5 Ne4 4. f3 Nd6 5. Nc3 Nf5 6. Bh3 Nc6 7. Bxf5 Bxf5 8. e4 Bg6 9. Be3 dxe4 10. fxe4 e5 11. d5 Nd4 12. Bxd4 exd4 13. Qxd4 Qxg5 14. Nf3 Qf4 15. Rf1 Bd6 16. Nd2 Qh4+ 17. Rf2 0-0 18. 0-0-0 b6 19. Rg2 Rfe8 20. Rf1 Qh3 21. Qf2 Bc5 22. Qe2 Qe3 23. Qg4 h5 24. Qh4 Be7 25. Qe1 Qxe1+ 26. Rxe1 Bf6 27. Nb5 Re7 28. Rge2 a6 29. Nc3 Rae8 30. d6 cxd6 31. Nd5 Re5 32. Kd1 Bh4 33. Rg1 Bxe4 34. Nxe4 Rxe4 35. Rxe4 Rxe4 0-1

[Event "Liberec op"]
[Site "Liberec"]
[Date "2004.??.??"]
[Round "2"]
[White "Bjornsson, Tomas"]
[Black "Rakous, Pavel"]
[Result "0-1"]
[WhiteElo "2240"]
[BlackElo "2051"]
[PlyCount "41"]
[EventDate "2004.10.23"]
[EventType "swiss"]
[EventRounds "9"]
[EventCountry "CZE"]
[SourceTitle "EXT 2005"]
[Source "ChessBase"]
[SourceDate "2004.11.15"]
[SourceVersion "1"]
[SourceVersionDate "2004.11.15"]
[SourceQuality "1"]

1. e4 c5 2. Nf3 a6 3. c3 d6 4. d4 Nd7 5. Be3 Qc7 6. Nbd2 b5 7. a4 Rb8 8. axb5 axb5 9. Be2 c4 10. 0-0 g6 11. b3 Nb6 12. bxc4 bxc4 13. Nxc4 Nxc4 14. Qa4+ Bd7 15. Qxc4 Qb7 16. Qd3 Qc8 17. Rfb1 Rxb1+ 18. Rxb1 f5 19. e5 d5 20. e6 Bxe6 21. Bf4 0-1

[Event "Plzen op-A 10th"]
[Site "Plzen"]
[Date "2004.??.??"]
[Round "3"]
[White "Bonetti, Carlo"]
[Black "Rakous, Pavel"]
[Result "0-1"]
[WhiteElo "2030"]
[BlackElo "1715"]
[PlyCount "63"]
[EventDate "2004.08.??"]
[EventType "swiss"]
[EventRounds "9"]
[EventCountry "CZE"]
[SourceTitle "EXT 2007"]
[Source "ChessBase"]
[SourceDate "2006.11.23"]
[SourceVersion "1"]
[SourceVersionDate "2006.11.23"]
[SourceQuality "1"]

1. c4 Nf6 2. g3 e5 3. Bg2 c6 4. d4 Bb4+ 5. Nc3 exd4 6. Qxd4 0-0 7. Bg5 Re8 8. e3 c5 9. Qd3 Nc6 10. Nge2 Ne5 11. Qd1 Nxc4 12. 0-0 Nb6 13. Nd5 Nbxd5 14. Bxd5 Re5 15. Bh4 g5 16. Bxf7+ Kxf7 17. Qb3+ d5 18. f4 Rxe3 19. Qxe3 gxh4 20. f5 d4 21. Qf3 Qd5 22. Qf4 h3 23. Qc7+ Bd7 24. Nf4 Qc6 25. Qxc6 Bxc6 26. Nxh3 Bd2 27. Rfd1 Be3+ 28. Kf1 Ng4 29. Ng1 Nxh2+ 30. Ke2 Bb5+ 31. Rd3 Bxd3+ 32. Kxd3 0-1

[Event "Prague CC DDM-ch"]
[Site "Prague"]
[Date "2004.??.??"]
[Round "3"]
[White "Rakous, Pavel"]
[Black "Smejc, Jiri"]
[Result "1-0"]
[WhiteElo "2050"]
[BlackElo "1815"]
[PlyCount "74"]
[EventDate "2004.??.??"]
[EventType "swiss"]
[EventRounds "7"]
[EventCountry "CZE"]
[SourceTitle "EXT 2007"]
[Source "ChessBase"]
[SourceDate "2006.11.23"]
[SourceVersion "1"]
[SourceVersionDate "2006.11.23"]
[SourceQuality "1"]

1. d4 d5 2. e3 Nf6 3. Bd3 e6 4. Ne2 b6 5. Bd2 Bd6 6. Na3 Bxa3 7. bxa3 0-0 8. Bb4 Re8 9. a4 a5 10. Ba3 Nbd7 11. Bb5 Ne4 12. 0-0 Bb7 13. f3 Nd6 14. Qe1 Nc4 15. Bxc4 dxc4 16. Rb1 Qg5 17. Qf2 Nf6 18. Rb5 Qg6 19. Nf4 Qh6 20. Qg3 Nd5 21. Nxd5 Bxd5 22. Bc1 Bc6 23. e4 Qf6 24. Rh5 Qxd4+ 25. Kh1 Rad8 26. h3 g6 27. Bf4 Qg7 28. Bh6 Qc3 29. e5 f6 30. exf6 Kf7 31. Qxc7+ Bd7 32. Re5 Qxc2 33. Rfe1 Kg8 34. Rxe6 Qf5 35. Rxe8+ Rxe8 36. Rxe8+ Kf7 37. Rf8+ Ke6 1-0

[Event "Plzen op-A 10th"]
[Site "Plzen"]
[Date "2004.??.??"]
[Round "1"]
[White "Vrchotka, Josef"]
[Black "Rakous, Pavel"]
[Result "1-0"]
[WhiteElo "2100"]
[BlackElo "1715"]
[PlyCount "129"]
[EventDate "2004.08.??"]
[EventType "swiss"]
[EventRounds "9"]
[EventCountry "CZE"]
[SourceTitle "EXT 2007"]
[Source "ChessBase"]
[SourceDate "2006.11.23"]
[SourceVersion "1"]
[SourceVersionDate "2006.11.23"]
[SourceQuality "1"]

1. e4 c5 2. Nf3 a6 3. d4 cxd4 4. Nxd4 Nf6 5. Nc3 e5 6. Nf5 d5 7. Bg5 d4 8. Bxf6 gxf6 9. Ne2 Bxf5 10. exf5 Qc8 11. c3 Qxf5 12. Ng3 Qe6 13. Bd3 dxc3 14. bxc3 Nd7 15. Bf5 Qc6 16. 0-0 0-0-0 17. Rb1 b6 18. Qe2 Kc7 19. Qxa6 Nc5 20. Qe2 h5 21. Ne4 Rg8 22. f3 Nd3 23. Qc2 Bc5+ 24. Kh1 Nf4 25. g3 Nd5 26. Nxc5 Qxc5 27. Be4 h4 28. g4 Ra8 29. Qb3 Rgd8 30. Rfd1 Ra5 31. Rd3 h3 32. Rbd1 Rb5 33. Qc2 Qc4 34. Qd2 Kc6 35. Qh6 Kc7 36. Qxh3 Qxa2 37. Qg2 Qxg2+ 38. Kxg2 Nf4+ 39. Kf2 Nxd3+ 40. Rxd3 Rxd3 41. Bxd3 Rb3 42. Bc4 Rxc3 43. Bxf7 Kd6 44. h4 e4 45. h5 Rxf3+ 46. Kg2 Ke7 47. Bg6 Rd3 48. Bxe4 Rd8 49. Kf3 Kf7 50. h6 Rh8 51. h7 Kg7 52. Kf4 Re8 53. Ke3 Re5 54. Kd4 b5 55. Bd3 Kh8 56. Be4 b4 57. Bf5 Rb5 58. Kc4 Rb8 59. Kb3 Kg7 60. Bc2 Rb5 61. Bf5 Rb8 62. Be4 Kh6 63. Bf5 Kg5 64. Be6 Kf4 65. Bg8 1-0